Vývoj IFRS v oblasti oceňovania aktív a záväzkov
Problematika týkajúca sa oceňovania je v IFRS stále nedostatočne a nesystémovo riešená napriek tomu, že oceňovanie patrí k najdôležitejším problémom účtovnej teórie a praxe. V prostredí IFRS proti sebe stoja dve základné koncepcie - oceňovanie majetku a záväzkov na podklade historických cien a oceňo...
Salvato in:
| Autore principale: | |
|---|---|
| Natura: | Capitolo di libro |
| Lingua: | slovacco |
| Soggetti: | |
| Tags: |
Nessun Tag, puoi essere il primo ad aggiungerne!!
|
MARC
| LEADER | 00000naa$a2200000$$$4500 | ||
|---|---|---|---|
| 001 | 0049025 | ||
| 005 | 20240502071549.9 | ||
| 041 | 0 | |a slo | |
| 044 | |a SK | ||
| 245 | 1 | 0 | |a Vývoj IFRS v oblasti oceňovania aktív a záväzkov |c Jitka Meluchová |
| 520 | |a Problematika týkajúca sa oceňovania je v IFRS stále nedostatočne a nesystémovo riešená napriek tomu, že oceňovanie patrí k najdôležitejším problémom účtovnej teórie a praxe. V prostredí IFRS proti sebe stoja dve základné koncepcie - oceňovanie majetku a záväzkov na podklade historických cien a oceňovanie na báze trhových cien. Tlak investorov vyžadujúcich prechod od oceňovania v historických cenách k oceňovaniu vo fair value /reálnej hodnote/. Výsledky doterajšieho výskumu v tejto oblasti. Oceňovanie pri prvotnom vykázaní - možné alternatívy oceňovacích základní. Navrhované zmeny oceňovania pri prvotnom vykázaní, ich cieľ. | ||
| 610 | 2 | 0 | |a IFRS |
| 610 | 2 | 0 | |a oceňovanie |
| 610 | 2 | 0 | |a aktíva |
| 610 | 2 | 0 | |a ceny trhové |
| 610 | 2 | 0 | |a účtovníctvo finančné |
| 610 | 2 | 0 | |a výkazníctvo účtovné |
| 610 | 2 | 0 | |a výkazníctvo finančné |
| 610 | 2 | 0 | |a hodnota reálna |
| 100 | 1 | |a Meluchová, Jitka, 1965- | |